| 000 | 00692nam a2200241 i 4500 | ||
|---|---|---|---|
| 001 | bg | ||
| 100 | 1 | _aGRACZYŃSKA, Ewa | |
| 245 | 1 | 0 |
_aAlgebras and coalgebras / _cEwa Graczyńska. |
| 260 |
_aOpole : _bPO. Oficyna Wydawnicza, _c2003. |
||
| 300 |
_a168 s. : _bil. ; _c24 cm. |
||
| 490 | 1 |
_aStudia i Monografie / Politechnika Opolska, _x1429-6063 ; _vz. 140 |
|
| 500 | _aStreszcz. pol. | ||
| 504 | _aBibliogr. Indeks. | ||
| 650 | 9 | _aAlgebra | |
| 830 | 0 |
_aStudia i Monografie (Politechnika Opolska) ; _vz. 140 |
|
| 020 | _a838849225X | ||
| 040 | _cBPK | ||
| 041 | 0 |
_aeng _bpol |
|
| 080 | _a512 | ||
| 920 | _a83-88492-25-X | ||
| 942 | _cKS | ||
| 008 | s pl f |000 0 pol | ||
| 999 |
_c43899 _d43899 |
||
| 856 |
_uhttp://koha.tu.koszalin.pl/cgi-bin/koha/opac-detail.pl?biblionumber=43899 _yKatalog online BPK |
||